| 000 | 00000nas 2200000za 4500 |
|---|---|
| 001 | 9.507040 |
| 003 | CaOODSP |
| 005 | 20240215150447 |
| 007 | cr ||||||||||| |
| 008 | 150406d20062011xxc|| p o||||f| |0eng|d |
| 040 | |aCaOODSP|beng |
| 043 | |an-cn--- |
| 086 | 1 |aPS81-8E-PDF |
| 110 | 2 |aCorrectional Service Canada. |
| 245 | 10|aStrategic plan for Aboriginal corrections. |
| 264 | 1|aOttawa, Ontario : |bCorrectional Service Canada |
| 310 | |aIrregular |
| 362 | 1 |aBegan and ceased with [2006-07 to 2010-11]. |
| 775 | 08|tPlan stratégique relatif aux services correctionnels pour Autochtones.|w(CaOODSP)9.503431 |